Sobre un caso de oftalmomiasis producida por larvas de "wohlfahrtia magnifica" schiner / (Record no. 185070)

MARC details
000 -LEADER
campo de control de longitud fija 00627nam a2200169 i 4500
001 - NÚMERO DE CONTROL
campo de control 185070
003 - IDENTIFICADOR DE NÚMERO DE CONTROL
campo de control ES-MaACL
005 - FECHA Y HORA DE LA ÚLTIMA TRANSACCIÓN
campo de control 20230906222336.0
007 - CAMPO FIJO DE DESCRIPCIÓN FÍSICA--INFORMACIÓN GENERAL
campo de control de longitud fija t|
008 - DATOS DE LONGITUD FIJA--INFORMACIÓN GENERAL
campo de control de longitud fija 160317s1942 sp r ||||1| spa d
100 1# - ENTRADA PRINCIPAL--NOMBRE DE PERSONA
Nombre de persona Nájera Angulo, Luis.
9 (RLIN) 84870
245 10 - MENCIÓN DEL TÍTULO
Título Sobre un caso de oftalmomiasis producida por larvas de "wohlfahrtia magnifica" schiner /
Mención de responsabilidad, etc. por el Dr. Luis Nájera.
260 ## - PUBLICACIÓN, DISTRIBUCIÓN, ETC.
Lugar de publicación, distribución, etc. Madrid :
Nombre del editor, distribuidor, etc. [s.n.],
Fecha de publicación, distribución, etc. 1942.
300 ## - DESCRIPCIÓN FÍSICA
Extensión P. 493-495, [1] h. de lám. ;
Dimensiones 24 cm.
500 ## - NOTA GENERAL
Nota general Separata de: Boletín de la Real Sociedad Española de Historia Natural, tomo XL, 1942 (páginas 493-495)
852 ## - LOCALIZACIÓN
Ubicación ES-MaACL
Número de control de estantería 1715-F-30
Holdings
Estatus retirado Estado de pérdida Estado de daño No para préstamo Colección Biblioteca de origen Biblioteca actual Ubicación en estantería Fecha de adquisición Fuente de adquisición Total de préstamos Signatura topográfica completa Código de barras Visto por última vez Precio de reemplazo Tipo de ítem Koha
        Colección de folletos Biblioteca del Ateneo de Madrid Biblioteca del Ateneo de Madrid Depósito folletos 17/03/2016     1715-F-30 1194938 23/02/2023 23/02/2023 Folleto